| 000 | 04822nam a2200277 a 4500 | ||
|---|---|---|---|
| 001 | 000017809 | ||
| 003 | DO-SdBNP | ||
| 005 | 20251028114450.0 | ||
| 008 | 100406s1992 dr a 001 0 spa d | ||
| 040 |
_aDO-SdBNP _bspa _cBNPHU |
||
| 049 | _aBNPD | ||
| 082 |
_a910.4 _bN964e |
||
| 100 | 1 |
_aNúñez Jiménez, Antonio, _d1923-1998 _912579 |
|
| 245 | 1 | 0 |
_aEn canoa del Amazonas al Caribe / _cAntonio Núñez Jiménez ; coordinación general José Chez Checo ; prólogo de Gabriel García Márquez. |
| 260 |
_aSanto Domingo : _bComisión Dominicana Permanente para la Celebración del Quinto Centenario del Descubrimiento y Evangelización de América: _bComisión Puertorriqueña para la Celebración del Quinto Centenario del Descubrimiento de América y Puerto Rico: _bComisión Nacional Cubana Conmemorativa del Medio Milenio del Descubrimiento Mutuo de las Culturas del Viejo y el Nuevo Mundo, _c1992. _fAmigo del Hogar |
||
| 300 |
_a459 p. : _bil. ; _c23 cm. |
||
| 504 | _aBibliografía: p. 423 -431. | ||
| 505 | 2 |
_tPresentación / _rNicolás de Jesús, Cardenal López Rodríguez. Dr. Miguel Hernández Agosto. Dr. Antonio Núñez Jiménez -- _tPrólogo. Memoria de Antonio en su mecedora de navegar / _rGabriel García Márquez-- _gCapítulo I -- _tLas vísperas -- _gCapítulo II _tDe la cordillera de los Andes a la Selva Amazónica -- _gCapítulo III _tComenzamos a navegar -- _gCapítulo IV _tQuichas del Napo -- _gCapítulo V _tEntre terremotos y ríos crecidos -- _gCapítulo VI _tNavegando por la palizada -- _gCapítulo VII _tDe Pompeya a nuevo Rocafuerte -- _gCapítulo VIII _tCon los indios aucas -- _tCapítulo IX _gEl misionero católico Juan Santos Ortiz de Villalta -- _gCapítulo X _tUn luchador social en la selva -- _gCapítulo XI _tVisitas a los indios secoyas -- _gCapítulo XII _tEn Angoteros Pampa _gCapítulo XIII _tUn nuevo indio americano -- _gCapítulo XIV _tCuando lo árboles mueren -- _gCapítulo XV _tLos huitotos de Negro Urco -- _gCapítulo XVI _tCacería de huangas en viaje a Mazán -- _gCapítulo XVII _tNavegamos por el Amazonas -- _gCapítulo XVIII _tLa ciudad de Iquitos -- _gCapítulo XIX _tEl Amazonas desde el aire -- _gCapítulo XX _tPor las riberas de Apayacu -- _gCapítulo XXI _tDel pueblo de Pebas a Pucaurquillo -- _gCapítulo XXII _tFósiles marinos en Pijuayal -- _gCapítulo XXIII _tLuis y los Ashuares -- _gCapítulo XXIV _tRecuerdo de Che en San Pablo de Loreto. |
|
| 505 | 2 |
_gCapítulo XXV _tProcesión en Caballococha -- _gCapítulo XXVI _tLos ticunas de Cushillococha -- _gCapítulo XXVII _tLos ticunas de Cushillococha -- _gCapítulo XXVIII _tNavegamos por el trapecio amazónico colombiano -- _gCapítulo XXIX _tEl prefecto de Leticia -- _gCapítulo XXX _tDe la isla de los monos a Tucuchira -- _gCapítulo XXXI _tLos ticunas de Arana, San Martín y Puerto Nariño -- _gCapítulo XXXII _tEl monte sagrado de los indios ticunas -- _gCapítulo XXXIII _tProtocolo ticuna en Belem de Solimoes -- _gCapítulo XXXIV _tDel Amazonas al Putumayo -- _gCapítulo XXXV _tDe Tomantins a La Misión -- _gCapítulo XXXVI _tEl fin del mundo en Jutaí -- _gCapítulo XXXVII _tEl pueblo alegre de Tefé -- _gCapítulo XXXVIII _tLa selva se convierte en plantación -- _gCapítulo XXXIX _tFeudalismo a la amazónica -- _gCapítulo XL _tEn Coarí -- _gCapítulo XLI _tEl encuentro de las aguas -- _gCapítulo XLII _tManaos, capital amazónica -- _gCapítulo XLIII _tEl Estado de Amazonas _gCapítulo XLIV _tNavegamos por el Río Negro -- _gCapítulo XLV _tEntrevista a la prefecta de Nova Airao -- _gCapítulo XLVI _tEn las rocas de 600 millones de años -- _gCapítulo XLVII _tPor las riberas del Río Negro-- _gCapítulo XLVIII _tDe Barcelos a Santa Isabel de Rio Negro-- _gCapítulo XLIX _tPor las cachoerias hasta San Gabriel-- _gCapítulo L _tConversación con Dilermando de Moraes Mendes -- _gCapítulo LI _tDe la línea ecuatorial a Venezuela -- _gCapítulo LII _tSan Carlos de Río Negro -- _gCapítulo LIII _tEl Río Casiquiare-- _gCapítulo LIV _tRemontando el Río Guainía -- _gCapítulo LV _tRemontando el Río Guainía -- _gCapítulo LVI _tA pie de la cuenca del Amazonas a la del Orinoco -- _gCapítulo LV _tHacia San Fernando de Atabapo _gCapítulo LVI _tEn piragua por el Orinoco -- _gCapítulo LVII _tPuerto Ayacucho -- _gCapítulo LVIII _tArte rupestre de Atures -- _gCapítulo LIX _tPuerto Ayacucho _gCapítulo LXI _tDe Puerto Ayacucho a Caicara del Orinoco -- |
|
| 505 | 2 |
_gCapítulo LXII _tHacia Ciudad Bolívar-- _gCapítulo LXIII _tEl Río Caroní -- _gCapítulo LXIV _tEl Mar Caribe a la vista -- _tSimposium sobre el Río Napo -- _tPanorama de la Cuenca Amazónica -- _tBibliografía. |
|
| 600 | 1 | 4 |
_aNúñez Jiménez, Antonio, _d1923-1998 _xExpediciones ciéntificas _938703 |
| 651 | 4 |
_aRío Amazona _xDescripciones y viajes _938704 |
|
| 651 | 4 |
_aRío Orinoco (Venezuela y Colombia) _xDescripciones y viajes _938705 |
|
| 910 | _aValidado. Control de calidad BNPHU | ||
| 942 |
_2ddc _cLBS1 |
||
| 999 |
_c17334 _d17334 |
||